000 00714nam a2200289Ia 4500
005 20260324134045.0
008 008 260324s9999 xx 000 0 eng d
020 _a9780429101977
037 _aEBOOK
040 _aCRL
040 _beng
040 _cCRL
041 _2eng
041 _aeng
084 _qCRL
100 _aCharlotte Rayner; Cary Cooper; Helge Hoel
_91195412
245 0 _aWorkplace Bullying
245 0 _bWhat we know, who is to blame and what can we do?
260 _bTaylor and Francis
260 _c2002
365 _a
365 _b480
856 _uhttp://www.taylorfrancis.com/books/9780429101977
942 _cEBOOK
999 _c1795076
_d1795076